Exo Song Quiz - Statistics

General Stats
  • This quiz has been taken 45 times
    39 since last reset
  • The average score is 44 of 73
Answer Stats
All songs Answer % Correct
Tempo
96%
Ko Ko Bop
93%
Monster
93%
Obession Obsession
93%
XOXO
89%
Call Me Baby
85%
XOXO Growl
85%
Don't mess up my tempo Love Shot
85%
Exodus
81%
Ex'Act Lotto
81%
Exodus Love Me Right
81%
Lucky
81%
Lucky One
78%
The War The Eve
74%
Diamond
70%
El Dorado
70%
Power
70%
Wolf
70%
24/7
67%
Touch It
67%
3.6.5
63%
Artificial Love
63%
Baby
63%
Boomerang
63%
Chill
63%
Forever
63%
Going Crazy
63%
Gravity
63%
Jekyll
63%
Black Pearl
59%
Butterfly Effect
59%
Don't Go
59%
Heart Attack
59%
Lady Luck
59%
Playboy
59%
Sign
59%
Sweet Lies
59%
Tender Love
59%
Trouble
59%
Ya Ya Ya
59%
Cloud 9
56%
Let Out The Beast
56%
Oasis
56%
Peter Pan
56%
Transformer
56%
Wait
56%
Walk On Memories
56%
Beautiful
52%
Damage
52%
Day After Day
52%
Groove
52%
Heaven
52%
Hurt
52%
My Lady
52%
Ooh La La La
52%
Promise
52%
She's Dreaming
52%
Trauma
52%
White Noise
52%
Baby Don't Cry
48%
Baby You Are
48%
Bad Dream
48%
Non Stop
48%
Stronger
48%
What U Do?
48%
Smile On My Face
44%
What If...
44%
They Never Know
41%
With you
41%
Can't Bring Me Down
37%
My Answer
37%
One and Only
37%
First Love
26%
No matching quizzes found
Score Distribution
Percent of People with Each Score
Percentile by Number Answered
Your Score History
You have not taken this quiz since the last reset